MARC details
| 000 -LEADER |
| campo de control de longitud fija |
02244nam a22003735i 4500 |
| 001 - NÚMERO DE CONTROL |
| campo de control |
21691616 |
| 003 - IDENTIFICADOR DE NÚMERO DE CONTROL |
| campo de control |
BJBSDDR |
| 005 - FECHA Y HORA DE LA ÚLTIMA TRANSACCIÓN |
| campo de control |
20260423122250.0 |
| 007 - CAMPO FIJO DE DESCRIPCIÓN FÍSICA--INFORMACIÓN GENERAL |
| campo de control de longitud fija |
ta |
| 008 - DATOS DE LONGITUD FIJA--INFORMACIÓN GENERAL |
| campo de control de longitud fija |
200826s2021 nyu 000 0 eng |
| 010 ## - NÚMERO DE CONTROL DE LA BIBLIOTECA DEL CONGRESO |
| Número de control de LC |
2020944989 |
| 020 ## - NÚMERO INTERNACIONAL ESTÁNDAR DEL LIBRO |
| Número Internacional Estándar del Libro |
9781419747953 |
| Información calificativa |
(paperback) |
| 020 ## - NÚMERO INTERNACIONAL ESTÁNDAR DEL LIBRO |
| ISBN cancelado o inválido |
9781683358183 |
| Información calificativa |
(ebook) |
| 035 ## - NÚMERO DE CONTROL DEL SISTEMA |
| Número de control de sistema |
21691616 |
| 040 ## - FUENTE DE CATALOGACIÓN |
| Centro catalogador/agencia de origen |
DLC |
| Lengua de catalogación |
eng |
| Normas de descripción |
rda |
| Centro/agencia transcriptor |
DLC |
| 041 ## - CÓDIGO DE IDIOMA |
| Código de lengua del texto/banda sonora o título independiente |
eng |
| 042 ## - CÓDIGO DE AUTENTICACIÓN |
| Código de autenticación |
pcc |
| 050 ## - SIGNATURA TOPOGRÁFICA DE LA BIBLIOTECA DEL CONGRESO |
| Número de ítem |
S886s 2021 |
| 100 1# - ENTRADA PRINCIPAL--NOMBRE DE PERSONA |
| Nombre de persona |
Storr, Will |
| Término indicativo de función/relación |
author. |
| 9 (RLIN) |
24180 |
| 245 14 - MENCIÓN DEL TÍTULO |
| Título |
The science of storytelling : |
| Resto del título |
why stories make us human and how to tell them better / |
| Mención de responsabilidad, etc. |
Will Storr. |
| 263 ## - FECHA PROYECTADA DE PUBLICACIÓN |
| Fecha proyectada de publicación |
2104 |
| 264 #1 - PRODUCCIÓN, PUBLICACIÓN, DISTRIBUCIÓN, FABRICACIÓN Y COPYRIGHT |
| Producción, publicación, distribución, fabricación y copyright |
New York : |
| Nombre del de productor, editor, distribuidor, fabricante |
Abrams Press, |
| Fecha de producción, publicación, distribución, fabricación o copyright |
2021. |
| 300 ## - DESCRIPCIÓN FÍSICA |
| Extensión |
291 pages ; |
| Dimensiones |
21 cm. |
| 336 ## - TIPO DE CONTENIDO |
| Término de tipo de contenido |
text |
| Código de tipo de contenido |
txt |
| Fuente |
rdacontent |
| 337 ## - TIPO DE MEDIO |
| Nombre/término del tipo de medio |
unmediated |
| Código del tipo de medio |
n |
| Fuente |
rdamedia |
| 338 ## - TIPO DE SOPORTE |
| Nombre/término del tipo de soporte |
volume |
| Código del tipo de soporte |
nc |
| Fuente |
rdacarrier |
| 500 ## - NOTA GENERAL |
| Nota general |
Originally published by Abrams in 2020<br/>Originally published: London : William Collins, 2019<br/>Subtitle from cover |
| 505 ## - NOTA DE CONTENIDO CON FORMATO |
| Nota de contenido con formato |
Creating a world<br/>The flawed self<br/>The dramatic question<br/>Plots, endings, and meaning<br/>The sacred flaw approach |
| 520 ## - RESUMEN, ETC. |
| Sumario, etc. |
How do master storytellers compel us? There have been many attempts to understand what makes a good story, but few have used a scientific approach. In The Science of Storytelling, Will Storr applies dazzling psychological research and cutting-edge neuroscience to our myths and archetypes to show how we can tell better stories, revealing, among other things, how storytellers - and also our brains - create worlds by being attuned to moments of unexpected change. Storr?s superbly chosen examples range from Harry Potter to Jane Austen to Alice Walker, Greek drama to Russian novels to Native American folk tales, King Lear to Breaking Bad to children?s stories. With chapters such as "The Dramatic Question" and "Plot, Endings, and Meaning" and a practical, step-by-step appendix dedicated to "The Sacred Flaw Approach", The Science of Storytelling is destined to become an invaluable resource for writers of all stripes, whether novelist, screenwriter, playwright, or writer of creative or traditional nonfiction |
| 906 ## - ELEMENTOS DE DATOS F LOCAL, LDF (RLIN) |
| a |
0 |
| b |
ibc |
| c |
orignew |
| d |
2 |
| e |
epcn |
| f |
20 |
| g |
y-gencatlg |
| 942 ## - ELEMENTOS DE ENTRADA SECUNDARIOS (KOHA) |
| Fuente del sistema de clasificación o colocación |
Clasificación de Library of Congress |
| Tipo de ítem Koha |
Libro |
| Suprimir en OPAC |
No |
| 946 ## - PROCESAMIENTO DE INFORMACIÓN LOCAL (OCLC) |
| Iniciales del agente catalogador |
dpf |